00666nam a2200181 a 450000100100000000500170001000800410002704000250006808200220009310000400011524500900015525000110024526000470025630000210030359000260032495201190035099900150046900000701520200929154037.0090904s1990 dr r 000 0 spa d aDO-SdBNPbspacBNPHU axxxxbF634d, 19901 aFlores Santana, Juan Antonio91606610aDios y el hombre :ba través de Cristo y de María /cJuan Antonio Flores Santana. a3a ed. aSanto Domingo :bObispo de la Vega,c1990. a523 p. ;c22 cm. aInventariado, 2020/BT 0010718PDaPDbPDcHDd2009-09-04iLF1l0oxxxx F634d, 1990p7015-10r2020-06-25w2020-06-25yLFPDZNo se presta c6799d6799